Normal view MARC view
  • Oscoy, Andrés

Entry Nombre Personal

Number of records used in: 13

001 - NUMERO DE CONTROL

  • campo de control: 31054

003 - IDENTIFICADOR DE NUMERO DE CONTROL

  • campo de control: MX-MxUPN

005 - FECHA Y HORA DE LA ÜLTIMA TRANSACCIÓN

  • campo de control: 20240513153140.0

008 - DATOS DE LONGITUD FIJA

  • campo de control de longitud fija: 240513nn|acnnnaabn | aac |d

035 ## - NUMERO DE CONTROL

  • Número de control: UPN11000003160

040 ## - FUENTE DE CATALOGACIÓN

  • Lenguaje de catalogación: spa
  • Agencia de transcripción: MX-MxUPN
  • Agencia original de catalogación: MX-MxUPN

100 1# - ENCABEZAMIENTO - NOMBRE PERSONAL

  • Nombre personal: Oscoy, Andrés

374 ## - OCUPACIÓN

  • Occupation: Profesor Normal
  • Occupation: Autor

670 ## - FUENTE EN LA QUE SE LOCALIZARON DATOS

  • Cita de la fuente: T
  • Uniform Resource Identifier: Compendio de geografía de México y universal /

670 ## - FUENTE EN LA QUE SE LOCALIZARON DATOS

  • Cita de la fuente: Curso elemental de problemas y ejercicios de aritmética : instructivos y divertidos : primero y segundo año, 1900:
  • Uniform Resource Identifier: portada (Andrés Oscoy Profesor Normal y autor de varias obras de enseñanza)

902 ## - CATALOGADOR

  • Catalogador: CAA/150611